|
|
|
|
| LEADER |
00000ny a22000003n 4500 |
| 005 |
20110513145518.0 |
| 006 |
m d |
| 007 |
cr ||| |
| 008 |
090609c19959999ncufr p o 1 a0eng |
| 010 |
|
|
|a 2009200348
|
| 022 |
0 |
|
|a 1948-5638
|
| 035 |
|
|
|a 5134
|
| 040 |
|
|
|a DLC
|c DLC
|d vLex
|
| 050 |
0 |
0 |
|a HD30.22
|
| 050 |
0 |
0 |
|a HD30.22
|
| 082 |
1 |
0 |
|a 338
|2 14
|
| 090 |
|
|
|c 1908
|d 1908
|
| 110 |
2 |
|
|a Allied Academies International Conference
|
| 245 |
1 |
0 |
|a Allied Academies International Conference. Academy of Entrepreneurship. Proceedings
|h [Recurso electrn̤ico]
|
| 246 |
3 |
|
|a Academy of Entrepreneurship proceedings
|
| 246 |
3 |
|
|a Proceedings of the Academy of Entrepreneurship
|
| 256 |
|
|
|a Servicio en ln̕ea
|
| 260 |
|
|
|a Estados Unidos :
|b The DreamCatchers Group, LLC
|
| 310 |
|
|
|a Semestral
|
| 506 |
1 |
|
|a Contenido solo disponible en los productos indicados
|d vLex Global
|d vLex Global (Academic Edition, excluding Law Schools)
|d vLex Global (U.S. Academic Edition, excluding Law Schools)
|
| 650 |
0 |
4 |
|a Emprendedores
|x Publicaciones perid̤icas
|
| 710 |
2 |
|
|a Academy of Entrepreneurship
|
| 710 |
2 |
|
|a Allied Academies
|
| 740 |
|
|
|a vLex Revista (Servicios en ln̕ea)
|
| 843 |
|
|
|a Electrn̤ica. Abierta
|
| 850 |
|
|
|a DLC
|
| 853 |
|
|
|8 1
|i (year)
|j (month)
|k (day)
|
| 856 |
4 |
0 |
|z Acceso restringido
|u http://vlex.com/account/login_ip?fuente_id=5134
|
| 942 |
|
|
|c REV
|
| 999 |
|
0 |
|a Entrepreneurship
|v Congresses.
|
| 999 |
|
0 |
|a Managerial economics
|v Congresses.
|